000
nam a22 7a 4500
999
_c
329234
_d
329234
003
Nust
005
20170427161140.0
008
170427b xxu||||| |||| 00| 0 eng d
040
_c
DLC
082
_a
891.4397 ASH
100
_a
اشفاق احمد
245
_a
توتا کہانی
260
_a
Lahore :
_b
Sang e meel Publisher,
300
_a
496p. :
942
_2
ddc
_c
BK